Propagation of higher plants throuch tissue culture: emerging technologies and strategies

Gardado en:
Detalles Bibliográficos
Main Authors: Constantin, Milton J (Author), Henke, Randolph R (Author), Hughes, Karen W (Author), Conger, Bob V (Author)
Formato: Libro
Idioma:inglés
Publicado: Oxford Pergamon 1981
Edición:1a. ed
Subjects:
Tags: Engadir etiqueta
Sen Etiquetas, Sexa o primeiro en etiquetar este rexistro!

MARC

LEADER 00000nam a2200000 a 4500
001 UCK7837
003 CL-VaPUC
005 20241114112903.0
008 051216e19810000uk 1 eng d
020 |a 0080288588 
082 0 4 |a 635.946  |b CON  |2 21 
100 1 |a Constantin, Milton J  |e author  |9 620816 
700 1 |a Henke, Randolph R  |e author  |9 620817 
700 1 |a Hughes, Karen W  |e author  |9 620818 
700 1 |a Conger, Bob V  |e author  |9 620819 
245 1 0 |a Propagation of higher plants throuch tissue culture: emerging technologies and strategies 
250 |a 1a. ed 
260 |a Oxford  |b Pergamon  |c 1981 
300 |a 452 p 
583 |a last modification  |c 20190826 10:07:13  |k Rodrigo Vera 
650 0 7 |a INNOVACIONES TECNOLOGICAS  |2 CL-VaPUC  |9 620820 
650 0 7 |a PROPAGACION DE LAS PLANTAS  |2 CL-VaPUC  |9 404790 
650 0 0 |a Semillas   |9 264396 
650 0 0 |a Injerto  |9 402803 
650 0 7 |a NUTRICION DE LAS PLANTAS  |2 CL-VaPUC  |9 264276 
942 |c BK 
945 |a jtorresc  |d 20051216 00:00:00 
546 |a En Inglés 
536 |a University of Tennessee 
518 |p International Symposium, 1, Knoxville, 12-15 October 1980 
999 |c 384171  |d 384169